Rakúske striedanie stráži Nový prezident a nový kancelár

Bibliographic Details
Main Author: J.H (Author)
Format: Article
Language:Slovak
Subjects:

MARC

LEADER 00000nab a2200000 a 4500
001 vtls000251503
003 SK-MaSNL
005 20260304045631.0
008 111130c1986 xo 0 slo
015 |a SNBRB19rr/mm-uuuuu 
035 |a CL0261617 
040 |a SNKBUCL  |b slo  |c SNKBUCL  |e AACR2 
041 0 |a slo 
044 |a xo  |c SK 
080 |a 323(100-19)(436)  |2 1981 
080 |a 324(436)  |2 1981 
100 1 |a J.H.  |4 aut  |9 858155 
245 1 0 |a Rakúske striedanie stráži  |b Nový prezident a nový kancelár  |c J.H. 
650 0 7 |a vnútorná politika  |2 snkbucl  |9 970 
650 0 7 |a voľby  |2 snkbucl  |9 1580 
651 7 |a Rakúsko  |2 snkbucl  |9 18533 
655 7 |a články z novín a časopisov  |2 snkbucl  |9 267496 
773 0 |t Nové slovo  |g Roč. 28, č. 24 (1986), s. 10-11 
850 |a Slovenská národná knižnica v Martine  |a MTA001 
852 |a SNK  |b KIS3GCP 
958 |a RK 
992 |a RBX 
999 |c 2693613  |d 2695543